000 00662nam a22001697a 4500
003 OSt
005 20171010095536.0
008 121030t xxu||||| |||| 00| 0 eng d
040 _aMMSU
_cULS
100 _aBuyag, Joseph M.
_913896
245 _aGrowth and survival of nursery-grown kalumpit (Terminalia microcarpa Decne.) seedlings as affected by types and rates of fertilizer
_cJoseph M. Buyag
260 _c2008
300 _axiv, 72 leaves
_c28 cm.
500 _aThesis (BS Forestry) -- Mariano Marcos State University-College of Agriculture, Food and Sustainable Development, Batac City
504 _aBibliography: leaves 45-47
942 _2ddc
_cTHEDIS
999 _c9843
_d9843